-
BHAGWAN, DR. VISHNOO AND OTHERS
Entry Personal Name
Number of records used in: 1
001 - CONTROL NUMBER
003 - CONTROL NUMBER IDENTIFIER
005 - DATE AND TIME OF LATEST TRANSACTION
- control field:
20231031163246.0
008 - FIXED-LENGTH DATA ELEMENTS
- fixed length control field:
231031|| aca||aabn | a|a d
040 ## - CATALOGING SOURCE
- Original cataloging agency:
JRU
- Transcribing agency:
JRU
100 ## - HEADING--PERSONAL NAME
- Personal name:
BHAGWAN, DR. VISHNOO AND OTHERS
670 ## - SOURCE DATA FOUND
- Source citation:
Work cat.: (JRU)8432: BHAGWAN, DR. VISHNOO AND OTHERS, WORLD CONSTITUTIONS: a comparative study, 2022